| 000 | 00796nam a2200205 4500 | ||
|---|---|---|---|
| 008 | 171207b xxu||||| |||| 00| 0 eng d | ||
| 020 | _a9780471926634 | ||
| 082 |
_21993 _aDC 363.25 _bG93p |
||
| 100 |
_924426 _aGudjonsson, Gisli H., author. |
||
| 245 |
_aThe psychology of interrogations, confessions, and testimony / _cGisli H. Gudjonsson. |
||
| 260 |
_aNew York : _bWiley, _c©1992. |
||
| 300 |
_axii, 362 pages ; _c 25 cm. |
||
| 440 |
_924427 _aWiley series in psychology of crime, policing and law. |
||
| 500 | _aIncludes bibliographical references and index. | ||
| 650 | 0 |
_924428 _aPolice questioning _xPsychological aspects |
|
| 650 | 0 |
_924429 _aConfession (Law) _xPsychological aspects. |
|
| 650 | 0 |
_924430 _aCriminal Psychology. |
|
| 650 | 0 |
_924431 _a Jurisprudence. |
|
| 942 |
_2ddc _cDC |
||
| 999 |
_c7948 _d7948 |
||